[Event "HUN-chT Csongrad Region"]
[Site "Hungary"]
[Date "2016.02.21"]
[Round "6.2"]
[White "Buzas, Andras"]
[Black "Szekeres, Mihaly"]
[Result "1-0"]
[WhiteElo "1837"]
[BlackElo "1691"]
[PlyCount "65"]
[EventDate "2015.09.20"]
[EventType "team-tourn"]
[EventRounds "9"]
[EventCountry "HUN"]
[SourceTitle "EXT 2017"]
[Source "ChessBase"]
[SourceDate "2016.10.25"]
[SourceVersion "1"]
[SourceVersionDate "2016.10.25"]
[SourceQuality "1"]

1. e4 c5 2. Nf3 d6 3. d4 cxd4 4. Nxd4 Nf6 5. Nc3 a6 6. Be3 Bd7 7. Bd3 Qc7 8. 0-0 e6 9. Qe2 Nc6 10. f4 Be7 11. h3 0-0 12. Rf3 Rac8 13. Raf1 Qa5 14. Nb3 Qc7 15. Nd2 Nb4 16. Nc4 Nxd3 17. cxd3 b5 18. Nb6 Rb8 19. Nxd7 Nxd7 20. Rg3 Bf6 21. d4 b4 22. Nd1 g6 23. f5 exf5 24. exf5 Qa5 25. fxg6 hxg6 26. Qc4 Bg7 27. Rxg6 d5 28. Qxa6 Ra8 29. Rxg7+ Kxg7 30. Qh6+ Kg8 31. Qg5+ Kh8 32. Qh5+ Kg8 33. Qg4+ 1-0

[Event "HUN-chT2 Toth 0809"]
[Site "Hungary"]
[Date "2009.04.05"]
[Round "10.10"]
[White "Buzas, Andras"]
[Black "Kulmany, Istvan Mihaly"]
[Result "1/2-1/2"]
[WhiteElo "1781"]
[BlackElo "2002"]
[PlyCount "119"]
[EventDate "2008.10.26"]
[EventType "team-tourn"]
[EventRounds "11"]
[EventCountry "HUN"]
[SourceTitle "EXT 2010"]
[Source "ChessBase"]
[SourceDate "2010.11.25"]
[SourceVersion "1"]
[SourceVersionDate "2010.11.25"]
[SourceQuality "1"]
[WhiteTeam "Vasarhelyi"]
[BlackTeam "Toth Laszlo"]
[WhiteTeamCountry "HUN"]
[BlackTeamCountry "HUN"]

1. e4 Nc6 2. Nf3 d6 3. d4 Bg4 4. Be3 g6 5. Bb5 a6 6. Bxc6+ bxc6 7. h3 Bd7 8. c4 Bg7 9. Nc3 e6 10. 0-0 Ne7 11. Qd2 0-0 12. Bh6 f5 13. Bxg7 Kxg7 14. e5 h6 15. Rfd1 d5 16. c5 Qe8 17. Ne2 g5 18. g3 Qh5 19. Kg2 f4 20. g4 Qg6 21. Qa5 Ra7 22. Rh1 h5 23. Rag1 h4 24. Rc1 Rb8 25. b3 Kh6 26. Rhd1 Be8 27. Qd2 Qe4 28. Nc3 Qh7 29. Nxh4 Bg6 30. Nf3 Be4 31. Qe2 Ng6 32. Kh2 Bxf3 33. Qxf3 Nh4 34. Qd3 Qf7 35. f3 Rh8 36. Ne2 Rh7 37. Ng1 Kg7 38. b4 Ra8 39. Rc3 Qg8 40. a4 Kf7 41. Rd2 Qg7 42. b5 axb5 43. axb5 cxb5 44. Qxb5 Qf8 45. Rb3 Rh8 46. Qc6 Qe7 47. Rdb2 Rhc8 48. Qb5 Qd8 49. Qd3 Kg7 50. Rb7 Ra1 51. Qb3 Kh6 52. Ra2 Rxa2+ 53. Qxa2 Ra8 54. Ra7 Rxa7 55. Qxa7 Qd7 56. Qb8 Kg7 57. Qb2 Qa4 58. Kh1 Qa6 59. Qf2 Qd3 60. Kh2 1/2-1/2

[Event "HUN-chT2 Toth 0809"]
[Site "Hungary"]
[Date "2009.02.08"]
[Round "7.9"]
[White "Buzas, Andras"]
[Black "Magi, Tibor"]
[Result "1-0"]
[WhiteElo "1781"]
[BlackElo "1878"]
[PlyCount "75"]
[EventDate "2008.10.26"]
[EventType "team-tourn"]
[EventRounds "11"]
[EventCountry "HUN"]
[SourceTitle "EXT 2010"]
[Source "ChessBase"]
[SourceDate "2010.11.25"]
[SourceVersion "1"]
[SourceVersionDate "2010.11.25"]
[SourceQuality "1"]
[WhiteTeam "Vasarhelyi"]
[BlackTeam "Nadudvar"]
[WhiteTeamCountry "HUN"]
[BlackTeamCountry "HUN"]

1. e4 d6 2. d4 g6 3. c4 Bg7 4. Nc3 Nc6 5. Be3 Nh6 6. h3 f6 7. Qd2 Nf7 8. Nf3 Bd7 9. Be2 e6 10. d5 Nce5 11. Nxe5 fxe5 12. Bg4 exd5 13. Bxd7+ Qxd7 14. Nxd5 c6 15. Nc3 b6 16. 0-0-0 0-0 17. Kb1 Qc7 18. h4 h6 19. Rh3 Kh7 20. h5 g5 21. Ne2 Rad8 22. Ng3 Qe7 23. Nf5 Qe6 24. Qc2 Bf6 25. Qa4 c5 26. Rd5 Qd7 27. Qd1 Qc6 28. Bc1 a6 29. Ra3 b5 30. cxb5 axb5 31. Qf3 Qc8 32. Ra7 Qe6 33. Qd3 Ra8 34. Rxd6 Qxd6 35. Qxd6 Rxa7 36. Qxf8 c4 37. Nxh6 Nxh6 38. Qxf6 1-0